书目信息 |
| 题名: |
苏联的农业
|
|
| 作者: | 沃林 著 ;上海市"五·七"干校六连翻译组 译 | |
| 分册: | ||
| 出版信息: | 上海 上海人民出版社 1977 |
|
| 页数: | 355页 | |
| 开本: | 20cm | |
| 丛书名: | ||
| 单 册: | ||
| 中图分类: | F512.3 | |
| 科图分类: | ||
| 主题词: | 交通运输经济--概况--世界 | |
| 电子资源: | ||
| ISBN: | ||
| 000 | 00808nam0 2200241 450 | |
| 001 | 0533602672 | |
| 005 | 20051201092837.09 | |
| 010 | @dCNY0.76 | |
| 091 | @a4171.59 | |
| 100 | @a20051201d1977 km y0chiy0120 ea | |
| 101 | 0 | @achi |
| 102 | @aCN@b310000 | |
| 102 | @aCN@b310000 | |
| 200 | 1 | @a苏联的农业@Asu lian de nong ye@e1953-1964@f(美)拉扎尔·沃林著@F(mei)la zha er·wo lin zhu@g上海市"五·七"干校六连翻译组译@Gshang hai shi"wu·qi"gan xiao liu lian fan yi zu yi |
| 210 | @a上海@c上海人民出版社@d1977 | |
| 215 | 1 | @a355页@d20cm |
| 517 | 1 | @a1953-1964 |
| 606 | 0 | @a交通运输经济@x概况@x世界 |
| 690 | @aF512.3@v4 | |
| 701 | 0 | @a沃林@Awo lin@4著 |
| 712 | 0 | @a上海市"五·七"干校六连翻译组@Ashang hai shi"wu·qi"gan xiao liu lian fan yi zu@4译 |
| 801 | 0 | @aCN@bPFT@c20051201 |
| 905 | @a10447@dF512.3@e3 | |
| 苏联的农业:1953-1964/(美)拉扎尔·沃林著/上海市"五·七"干校六连翻译组译.-上海:上海人民出版社,1977 |
| 355页;20cm |
| ISBN :CNY0.76 |
| ● |
| 相关链接 |
|
|
|
|
正题名:苏联的农业
索取号:F512.3/3
 
预约/预借
| 序号 | 登录号 | 条形码 | 馆藏地/架位号 | 状态 | 备注 |
| 1 | 0018926 | 202157913 | 密集书库/ [索取号:F512.3/3] | 在馆 |